Liečivé účinky revitalizácie

Minister pôdohospodárstva SR Peter Baco o dosahu zákona o revitalizácii podnikov v poľnohospodárskom rezorte.

Enregistré dans:
Détails bibliographiques
Auteur principal: Baco, P.
Format: Chapitre de livre
Langue:slovaque
Sujets:
Tags: Ajouter un tag
Pas de tags, Soyez le premier à ajouter un tag!

MARC

LEADER 00000naa a2200000 4500
001 r026421
005 20230824090225.1
041 0 |a slo 
044 |a SK 
245 1 0 |a Liečivé účinky revitalizácie  |c P. Baco 
520 |a Minister pôdohospodárstva SR Peter Baco o dosahu zákona o revitalizácii podnikov v poľnohospodárskom rezorte. 
610 2 0 |a Slovensko 
610 2 0 |a 1996 
610 2 0 |a 1997 
610 2 0 |a poľnohospodárstvo 
610 2 0 |a podnik 
610 2 0 |a oživenie 
100 1 |a Baco, P.